| 000 | 00984 a2200289 4500 | ||
|---|---|---|---|
| 999 |
_c5390 _d5390 |
||
| 020 | _a9780443101250 (main ed.) | ||
| 020 | _a0443101256 (main ed.) | ||
| 020 | _a 9780443103650 (international ed.) | ||
| 020 | _a0443103658 (international ed.) | ||
| 050 | _aRC815 CAW 2008 | ||
| 100 |
_aCawson, R. A. _eauthor |
||
| 245 |
_aCawson's essentials of oral pathology and oral medicine / _cR.A. Cawson and E.W. Odell |
||
| 250 | _a8th ed. | ||
| 264 |
_aEdinburgh ; New York : _bChurchill Livingstone, _c c2008 |
||
| 300 |
_axv, 468 p. : _bill. (some col.) ; 28 cm |
||
| 500 | _aIncludes bibliographical references and index | ||
| 650 |
_aMouth _xDiseases |
||
| 650 | _aOral manifestations of general diseases | ||
| 650 |
_aMouth _xSurgery |
||
| 650 | _aDentistry | ||
| 650 | _aSurgery, Oral | ||
| 650 | _aDentistry, Operative | ||
| 650 | _aMouth Diseases | ||
| 650 | _aTooth Diseases | ||
| 700 |
_aOdell, E. W _eauthor |
||
| 942 |
_2lcc _cBK _e8th ed. _h815 _iCAW _kRC |
||